[Event "FRA-chT"]
[Site "France"]
[Date "1989.??.??"]
[Round "?"]
[White "Flear, Christine"]
[Black "Steczkowski, Kazimierz"]
[Result "1/2-1/2"]
[WhiteElo "2170"]
[BlackElo "2330"]
[PlyCount "61"]
[EventDate "1989.??.??"]
[EventType "team-tourn"]
[EventRounds "11"]
[EventCountry "FRA"]
[SourceTitle "TD"]
[Source "ChessBase"]
[SourceDate "1994.03.01"]
[SourceVersion "1"]
[SourceVersionDate "1994.03.01"]
[SourceQuality "1"]

1. d4 Nf6 2. c4 d6 3. Nc3 Nbd7 4. e4 e5 5. Nf3 g6 6. Be2 Bg7 7. 0-0 0-0 8. Qc2 c6 9. Rd1 Re8 10. d5 c5 11. Rb1 b6 12. a3 Nf8 13. b4 Re7 14. g3 Ne8 15. Nh4 Rc7 16. Nb5 Rb7 17. Qd3 Nd7 18. Be3 Ndf6 19. f3 Kh8 20. Qd2 Ng8 21. Bd3 Ne7 22. Qc2 Ng8 23. a4 cxb4 24. Rxb4 Ngf6 25. Nc3 Nd7 26. Rdb1 Nc5 27. R4b2 Rab8 28. Na2 Bd7 29. Nc3 Kg8 30. Nb5 Qc8 31. Rb4 1/2-1/2

[Event "Gorzow Wielkopolski"]
[Site "Gorzow Wielkopolski"]
[Date "1987.05.23"]
[Round "1"]
[White "Steczkowski, Kazimierz"]
[Black "Haba, Petr"]
[Result "1/2-1/2"]
[WhiteElo "2320"]
[BlackElo "2370"]
[PlyCount "121"]
[EventDate "1987.05.23"]
[EventType "tourn"]
[EventRounds "13"]
[EventCountry "POL"]
[EventCategory "4"]
[SourceTitle "EXT 2015"]
[Source "ChessBase"]
[SourceDate "2014.11.20"]
[SourceVersion "1"]
[SourceVersionDate "2014.11.20"]
[SourceQuality "1"]

1. Nf3 d5 2. c4 c6 3. e3 Nf6 4. Nc3 g6 5. b3 Bg7 6. Bb2 0-0 7. Be2 Bg4 8. 0-0 Re8 9. d4 Nbd7 10. cxd5 Nxd5 11. Nxd5 cxd5 12. h3 Bxf3 13. Bxf3 e6 14. Qd2 Bf8 15. Rfc1 Qb6 16. Be2 Nb8 17. Qd3 a6 18. a3 Nc6 19. b4 Rec8 20. Bc3 Na7 21. Bd2 Nb5 22. Rxc8 Rxc8 23. Rc1 Rxc1+ 24. Bxc1 Qc6 25. Bb2 Nd6 26. Qc3 Qa4 27. Qc1 a5 28. bxa5 Qxa5 29. Qc3 Qa4 30. g3 h5 31. Kg2 Ne4 32. Qc1 h4 33. gxh4 Qd7 34. Bf3 Nf6 35. Qc2 Bd6 36. Qb3 Bb8 37. Qb6 Ne8 38. a4 Nd6 39. Be2 Qxa4 40. Qd8+ Qe8 41. Qxe8+ Nxe8 42. h5 gxh5 43. Bxh5 b5 44. Kf1 b4 45. Bd1 Kg7 46. Bc1 Bd6 47. Ke2 Kg6 48. Kd3 Nf6 49. f3 Nh5 50. Ba4 Kg5 51. Bd2 f5 52. Bd7 Kf6 53. Be1 Kf7 54. Bb5 f4 55. e4 dxe4+ 56. fxe4 b3 57. Kc3 f3 58. e5 Be7 59. Kxb3 Nf4 60. Bf1 Kg6 61. Kc4 1/2-1/2

[Event "Copenhagen Open-07 (Politiken Cup-06)"]
[Site "Brondby"]
[Date "1985.06.20"]
[Round "8"]
[White "Fette, Martin"]
[Black "Steczkowski, Kazimierz"]
[Result "0-1"]
[WhiteElo "2290"]
[BlackElo "2390"]
[PlyCount "56"]
[EventDate "1985.06.12"]
[EventType "swiss"]
[EventRounds "10"]
[EventCountry "DEN"]
[SourceTitle "MCD"]
[Source "ChessBase"]
[SourceDate "1999.07.01"]
[SourceVersion "1"]
[SourceVersionDate "1999.07.01"]
[SourceQuality "1"]

1. e4 e5 2. Nf3 Nc6 3. Bc4 Nf6 4. d4 exd4 5. 0-0 Nxe4 6. Re1 d5 7. Bxd5 Qxd5 8. Nc3 Qa5 9. Nxe4 Be6 10. Bd2 Qd5 11. Bg5 Bb4 12. c3 Ba5 13. b4 Bb6 14. a4 a6 15. b5 axb5 16. axb5 Na5 17. c4 Qxc4 18. Ne5 Qxb5 19. Qh5 Qxe5 20. Nf6+ gxf6 21. Rxe5 fxe5 22. Bf6 Rg8 23. Qxh7 Kd7 24. h4 Rg6 25. Bxe5 Rag8 26. g3 Nc6 27. Bf4 Ne7 28. h5 Rf6 0-1

[Event "Copenhagen Open-07 (Politiken Cup-06)"]
[Site "Brondby"]
[Date "1985.06.16"]
[Round "5"]
[White "Andreasen, Per Naesby"]
[Black "Steczkowski, Kazimierz"]
[Result "1/2-1/2"]
[WhiteElo "2260"]
[BlackElo "2390"]
[PlyCount "38"]
[EventDate "1985.06.12"]
[EventType "swiss"]
[EventRounds "10"]
[EventCountry "DEN"]
[SourceTitle "MCD"]
[Source "ChessBase"]
[SourceDate "1999.07.01"]
[SourceVersion "1"]
[SourceVersionDate "1999.07.01"]
[SourceQuality "1"]

1. c4 Nf6 2. Nc3 c6 3. Nf3 d6 4. g3 g6 5. Bg2 Bg7 6. 0-0 0-0 7. d3 e5 8. Bg5 h6 9. Bxf6 Qxf6 10. Rb1 a5 11. a3 Be6 12. Nd2 Rd8 13. b4 axb4 14. Rxb4 Qe7 15. Qb3 Ra7 16. Rb6 Bc8 17. Na4 Qc7 18. c5 d5 19. Rb1 Nd7 1/2-1/2

[Event "POL-ch39"]
[Site "Zielona Gora"]
[Date "1982.??.??"]
[Round "?"]
[White "Jasnikowski, Zbigniew"]
[Black "Steczkowski, Kazimierz"]
[Result "1/2-1/2"]
[WhiteElo "2395"]
[BlackElo "2275"]
[PlyCount "36"]
[EventDate "1982.02.13"]
[EventType "tourn"]
[EventRounds "15"]
[EventCountry "POL"]
[EventCategory "5"]
[SourceTitle "MCD"]
[Source "ChessBase"]
[SourceDate "1999.07.01"]
[SourceVersion "1"]
[SourceVersionDate "1999.07.01"]
[SourceQuality "1"]

1. d4 Nf6 2. Nc3 d5 3. Bg5 Nbd7 4. Nf3 c6 5. e3 e6 6. Bd3 Be7 7. 0-0 0-0 8. Ne2 h6 9. Bf4 Nh5 10. Be5 f6 11. Bg3 Nxg3 12. hxg3 f5 13. Nf4 Rf6 14. c4 Bd6 15. Qc2 Nf8 16. c5 Bc7 17. b4 Qe8 18. Qb2 g5 1/2-1/2

[Event "POL-ch39"]
[Site "Zielona Gora"]
[Date "1982.??.??"]
[Round "?"]
[White "Panczyk, Krzysztof"]
[Black "Steczkowski, Kazimierz"]
[Result "0-1"]
[WhiteElo "2390"]
[BlackElo "2275"]
[PlyCount "76"]
[EventDate "1982.02.13"]
[EventType "tourn"]
[EventRounds "15"]
[EventCountry "POL"]
[EventCategory "5"]
[SourceTitle "MCD"]
[Source "ChessBase"]
[SourceDate "1999.07.01"]
[SourceVersion "1"]
[SourceVersionDate "1999.07.01"]
[SourceQuality "1"]

1. d4 Nf6 2. c4 g6 3. Nc3 Bg7 4. e4 d6 5. Be2 0-0 6. Nf3 e5 7. 0-0 Nbd7 8. Re1 c6 9. Bf1 Ng4 10. d5 c5 11. h3 Nh6 12. Ng5 Kh8 13. Bd3 Ng8 14. Qc2 Bh6 15. Nf3 Bxc1 16. Raxc1 Ndf6 17. a3 Nh5 18. b4 b6 19. bxc5 bxc5 20. Ne2 f5 21. exf5 gxf5 22. Qc3 Rf7 23. Ng3 Nxg3 24. fxg3 Rg7 25. Bf1 Nf6 26. Nd2 Nh5 27. Re3 Qg5 28. Nf3 Qh6 29. Rce1 Bd7 30. Nxe5 dxe5 31. Rxe5 Rag8 32. d6 Qxd6 33. g4 Nf6 34. gxf5 Rg3 35. Re6 Rxc3 36. Rxd6 Rf8 37. g4 Rxa3 38. g5 Rg3+ 0-1

[Event "POL-ch39"]
[Site "Zielona Gora"]
[Date "1982.??.??"]
[Round "?"]
[White "Steczkowski, Kazimierz"]
[Black "Adamski, Jan"]
[Result "1/2-1/2"]
[WhiteElo "2275"]
[BlackElo "2425"]
[PlyCount "36"]
[EventDate "1982.02.13"]
[EventType "tourn"]
[EventRounds "15"]
[EventCountry "POL"]
[EventCategory "5"]
[SourceTitle "MCD"]
[Source "ChessBase"]
[SourceDate "1999.07.01"]
[SourceVersion "1"]
[SourceVersionDate "1999.07.01"]
[SourceQuality "1"]

1. Nf3 e6 2. g3 d5 3. Bg2 b6 4. 0-0 Bb7 5. d3 Nf6 6. Nbd2 c5 7. e4 Nc6 8. Re1 Be7 9. e5 Nd7 10. h4 Qc7 11. Qe2 Nb4 12. Nf1 c4 13. d4 c3 14. b3 a5 15. a3 Ba6 16. Qd1 Nc6 17. Re3 Na7 18. Ng5 h6 1/2-1/2

[Event "POL-ch39"]
[Site "Zielona Gora"]
[Date "1982.??.??"]
[Round "?"]
[White "Steczkowski, Kazimierz"]
[Black "Pokojowczyk, Jerzy"]
[Result "1/2-1/2"]
[WhiteElo "2275"]
[BlackElo "2450"]
[PlyCount "52"]
[EventDate "1982.02.13"]
[EventType "tourn"]
[EventRounds "15"]
[EventCountry "POL"]
[EventCategory "5"]
[SourceTitle "MCD"]
[Source "ChessBase"]
[SourceDate "1999.07.01"]
[SourceVersion "1"]
[SourceVersionDate "1999.07.01"]
[SourceQuality "1"]

1. e4 c5 2. d3 g6 3. g3 Bg7 4. Bg2 Nc6 5. f4 d6 6. Nf3 Nh6 7. 0-0 0-0 8. c3 Bd7 9. Na3 Rb8 10. Nc2 e6 11. Kh1 Ne7 12. Be3 Bc6 13. Bg1 b6 14. Qe2 e5 15. fxe5 dxe5 16. d4 exd4 17. cxd4 Qe8 18. Rfe1 Bb5 19. Qd2 Rd8 20. d5 Nc6 21. a4 Ba6 22. b4 cxb4 23. Ncd4 Na5 24. Qxb4 Rc8 25. e5 Rc4 26. Qd2 Bc8 1/2-1/2

[Event "POL-ch39"]
[Site "Zielona Gora"]
[Date "1982.??.??"]
[Round "?"]
[White "Stempin, Pawel"]
[Black "Steczkowski, Kazimierz"]
[Result "1/2-1/2"]
[WhiteElo "2350"]
[BlackElo "2275"]
[PlyCount "81"]
[EventDate "1982.02.13"]
[EventType "tourn"]
[EventRounds "15"]
[EventCountry "POL"]
[EventCategory "5"]
[SourceTitle "MCD"]
[Source "ChessBase"]
[SourceDate "1999.07.01"]
[SourceVersion "1"]
[SourceVersionDate "1999.07.01"]
[SourceQuality "1"]

1. d4 Nf6 2. c4 g6 3. Nc3 Bg7 4. e4 d6 5. f3 0-0 6. Bg5 c5 7. d5 e6 8. Nge2 h6 9. Be3 exd5 10. cxd5 Nbd7 11. Qd2 Ne5 12. Ng3 h5 13. Be2 Re8 14. 0-0 a6 15. a4 Qa5 16. h3 Qb4 17. a5 Bd7 18. f4 Nc4 19. Bxc4 Qxc4 20. e5 dxe5 21. fxe5 Rxe5 22. Rf4 Bh6 23. Rxc4 Bxe3+ 24. Qxe3 Rxe3 25. Nf1 Rd3 26. Rxc5 Rc8 27. Rxc8+ Bxc8 28. Re1 Kf8 29. Ne3 Rd4 30. Kf2 Bd7 31. Rd1 Rxd1 32. Nexd1 Bb5 33. h4 Bc4 34. Ne3 Bd3 35. Kf3 Ke7 36. Kf4 Kd6 37. b4 Bb5 38. Ne4+ Nxe4 39. Kxe4 f6 40. Kd4 Be2 41. g3 1/2-1/2